UM Logo

Co-living with children and Internet use by adults with severe mental disorders in Beijing, China / (Record no. 24568)

MARC details
000 -LEADER
fixed length control field 00807nam a22001937a 4500
003 - CONTROL NUMBER IDENTIFIER
control field OSt
005 - DATE AND TIME OF LATEST TRANSACTION
control field 20260418140659.0
008 - FIXED-LENGTH DATA ELEMENTS--GENERAL INFORMATION
fixed length control field 260408b |||||||| |||| 00| 0 eng d
040 ## - CATALOGING SOURCE
Transcribing agency 0
082 ## - DEWEY DECIMAL CLASSIFICATION NUMBER
Classification number DPer 361.3095 As41 March-December 2024 v. 34 n. 1-4
100 ## - MAIN ENTRY--PERSONAL NAME
Personal name Li, Ying.
Relator term author.
9 (RLIN) 54808
245 ## - TITLE STATEMENT
Title Co-living with children and Internet use by adults with severe mental disorders in Beijing, China /
Statement of responsibility, etc. Ying Li and Ying Liu.
260 ## - PUBLICATION, DISTRIBUTION, ETC. (IMPRINT)
Place of publication, distribution, etc. Oxfordshire, United Kingdom :
Name of publisher, distributor, etc. Routledge Taylor & Francis Group ,
Date of publication, distribution, etc. December 2024.
300 ## - PHYSICAL DESCRIPTION
Extent Volume 34, pages 320-341 :
Other physical details illustration ;
Dimensions 24cm.
500 ## - GENERAL NOTE
General note Asia Pacific Journal of Social Work & Development, vol. 34, no. 4, pages 320-341, December 2024.
700 ## - ADDED ENTRY--PERSONAL NAME
Personal name Li, Ying.
Relator term author.
9 (RLIN) 54808
700 ## - ADDED ENTRY--PERSONAL NAME
Personal name Liu, Ying.
Relator term author.
9 (RLIN) 48608
942 ## - ADDED ENTRY ELEMENTS (KOHA)
Source of classification or shelving scheme Dewey Decimal Classification
Koha item type Periodicals
Holdings
Withdrawn status Lost status Source of classification or shelving scheme Damaged status Not for loan Collection code Home library Current library Date acquired Total Checkouts Full call number Date last seen Price effective from Koha item type Public note
    Dewey Decimal Classification     Periodicals UM Digos College - LIC UM Digos College - LIC 04/08/2026   DPer 361.3095 As41 March-December 2024 v. 34 n. 1-4 04/08/2026 08/04/2026 Periodicals Periodical Article